[Event "Asia-ch Seniors 50"]
[Site "Larestan"]
[Date "2015.09.27"]
[Round "4"]
[White "Jooyandeh, Hassan"]
[Black "Mokhtari, Fereidoon"]
[Result "1-0"]
[WhiteElo "2028"]
[BlackElo "1588"]
[PlyCount "123"]
[EventDate "2015.09.25"]
[EventType "swiss"]
[EventRounds "9"]
[EventCountry "IRI"]
[SourceTitle "EXT 2017"]
[Source "ChessBase"]
[SourceDate "2016.10.25"]
[SourceVersion "1"]
[SourceVersionDate "2016.10.25"]
[SourceQuality "1"]

1. d4 d5 2. c4 e6 3. Nc3 Nf6 4. Bg5 Nbd7 5. e3 c5 6. cxd5 cxd4 7. Qxd4 exd5 8. 0-0-0 Be7 9. Nf3 0-0 10. Nxd5 Nxd5 11. Qxd5 Bxg5 12. Qxg5 Qc7+ 13. Kb1 Nf6 14. Bd3 Be6 15. Nd4 Bc4 16. Bxc4 Qxc4 17. Qb5 Qc7 18. Rc1 Qe7 19. Qg5 Qe4+ 20. Ka1 h6 21. Qf5 a5 22. Qxe4 Nxe4 23. f3 Nf2 24. Rhf1 Nd3 25. Rc3 Nb4 26. a3 Nd5 27. Rd3 Rfc8 28. Nf5 g6 29. Rxd5 gxf5 30. Rxf5 Rc2 31. Rg1 Ra6 32. Rb5 Rg6 33. Rxa5 Rb6 34. Rb1 Rxg2 35. Rh5 Kg7 36. Rh3 Rb3 37. Rg3+ Rxg3 38. hxg3 Rxe3 39. Rf1 Kg6 40. Rf2 Kg5 41. Kb1 f5 42. Kc2 h5 43. a4 f4 44. gxf4+ Kxf4 45. Rh2 Re5 46. Rh3 Kg5 47. Kc3 h4 48. f4+ Kxf4 49. Rxh4+ Ke3 50. Rh7 b5 51. axb5 Rxb5 52. Re7+ Kf4 53. b4 Re5 54. Rxe5 Kxe5 55. Kc4 Kd6 56. Kb5 Kc7 57. Ka6 Kb8 58. Kb6 Ka8 59. Ka6 Kb8 60. b5 Ka8 61. b6 Kb8 62. b7 1-0

[Event "Asia-ch Seniors 50"]
[Site "Larestan"]
[Date "2015.09.25"]
[Round "1"]
[White "Lodhi, Mahmood"]
[Black "Mokhtari, Fereidoon"]
[Result "1-0"]
[WhiteElo "2300"]
[BlackElo "1588"]
[PlyCount "87"]
[EventDate "2015.09.25"]
[EventType "swiss"]
[EventRounds "9"]
[EventCountry "IRI"]
[SourceTitle "EXT 2017"]
[Source "ChessBase"]
[SourceDate "2016.10.25"]
[SourceVersion "1"]
[SourceVersionDate "2016.10.25"]
[SourceQuality "1"]

1. d4 d5 2. Nf3 Nf6 3. g3 e6 4. Bg2 c5 5. 0-0 Nc6 6. e3 Bd7 7. b3 cxd4 8. exd4 Rc8 9. Bb2 b5 10. Nbd2 b4 11. Ne5 Be7 12. f4 Qb6 13. Nxd7 Nxd7 14. Nf3 Nf6 15. Ne5 0-0 16. Qd3 Qc7 17. Rfc1 Qb6 18. Bf3 a5 19. Kg2 Rc7 20. c4 bxc3 21. Rxc3 Nb4 22. Qd2 Rfc8 23. a3 Rxc3 24. Bxc3 Nc6 25. Nxc6 Rxc6 26. Bxa5 Qxb3 27. Bd1 Qc4 28. Be2 Qc2 29. Ra2 Qxd2 30. Bxd2 Ne4 31. Bb5 Rc8 32. a4 Bf6 33. Be3 Rc3 34. Bg1 Rb3 35. Bc6 h5 36. a5 Rc3 37. Bb7 Bd8 38. a6 Bb6 39. a7 Bxa7 40. Rxa7 Rc2+ 41. Kh1 Rc1 42. Ra2 Rd1 43. Ba6 Nd2 44. Be2 1-0